00434nam a2200157Ia 4500008004100000020001500041082001600056100002400072245001400096250000800110260004000118300002800158500001900186600002100205650005000226240925s9999 xx 000 0 und d a8170295343 a005.133 KAN aKanetkar, Yashavant 0aLet Us C  a2nd aNew Delhi:bBPB Publicationc,2002. axxi,792p.bNAfOriginal aIncludes Index aComputer Science aComputer science, information & general works